000 00817nam0a2200265 i 4500
001 RU\NLR\BIBL_A\011331561
005 20240921220909.0
010 _a9785905584077
_9450
021 _aRU
_b2017-4246
_9297
035 _a(NLR Aleph) 011331561
090 _a11137176
_c11137176
100 _a20170220d2016 u y0rusy50 ca
101 0 _arus
102 _aRU
105 _ay z 000ay
200 1 _aВыбор сердца
_eповесть
_fВасса Богданова
210 _aХабаровск
_cГамма
_d2016
215 _a236, [1] с.
_d21
686 2 _aШ6(2=Р)8-440.4
700 1 _7ca
_8rus
_aБогданова
_bВ.
_cлитератор
_f1981-
_gВасса
_9170536
_3RU\NLR\AUTH\770170586
942 _cBOOK
980 _aNBR